| 000 | 00551nam a2200205Ia 4500 | ||
|---|---|---|---|
| 003 | BUBTL | ||
| 008 | 151213s9999 xx 000 0 und d | ||
| 020 | _a984-8470-16-6 | ||
| 082 | _a346.048HOI | ||
| 100 |
_aHossain,Md.Altaf _92024 |
||
| 245 |
_aIntellectual Property Act/ _cMd.Altaf Hossain |
||
| 250 | _a2nd ed. | ||
| 260 |
_aDhaka : _bBangladesh Law Book Company, _cc2006. |
||
| 300 |
_axxvi,406 p. : _c22 cm. |
||
| 650 | _aLaw | ||
| 650 | _aLaw | ||
| 856 |
_k0 _l0 _yDownload |
||
| 942 |
_2ddc _cBK |
||
| 999 |
_c2243 _d2243 |
||